| 000 | 00598nam a22001817a 4500 | ||
|---|---|---|---|
| 003 | OSt | ||
| 005 | 20250904125919.0 | ||
| 008 | 250723b |||||||| |||| 00| 0 eng d | ||
| 020 | _a978-987-3864-06-3 | ||
| 040 | _cbesoc | ||
| 100 |
_aAguirre Rojas, Carlos Antonio, _d1655- _eautor |
||
| 245 | 1 | 0 |
_aRetratos para la historia : _bensayos de biografía intelectual sobre pensadores del siglo XX / _cCarlos Antonio Aguirre Rojas. |
| 250 | _a1a ed. | ||
| 260 |
_aRosario : _bProhistoria Ediciones, _c2015. |
||
| 300 |
_a313 p. ; _c23 cm. |
||
| 650 | 4 |
_aFilósofos _vBiografía _ySiglo XX |
|
| 942 |
_2udc _cOG _n0 |
||
| 999 |
_c539 _d539 |
||